| 000 | 01198nas a2200289 i 4500 | ||
|---|---|---|---|
| 003 | DO-SdBNP | ||
| 005 | 20251217114742.0 | ||
| 007 | ta | ||
| 008 | 251217e1991 za |||p|r||||||0| | spa d | ||
| 020 | _q847820105X | ||
| 040 |
_aDO-SdBNP _bspa _cBNPHU _erda |
||
| 041 | _aspa | ||
| 245 |
_aEco de Aragón : año 1841 / _cpresentado: Carlos Forcadell Álvarez. |
||
| 264 |
_aZaragoza, España : _bFacultad de Filosofía y Letras de la Universidad de Zaragoza. _bArchivo del Excmo. Ayuntamiento de la I. C. de Zaragoza, _c1991. |
||
| 300 |
_avolumen ; _c35 cm. |
||
| 310 | _aDesconocida. | ||
| 336 |
_atexto _btxt _2rdacontent |
||
| 337 |
_asin mediación _bn _2rdamedia |
||
| 338 |
_avolumen _bnc _2rdacarrier |
||
| 362 | _aDiciembre 1991. | ||
| 500 | _aEdición facsimilar del texto que se conserva en el Archivo del Excmo. Ayuntamiento de la Inmortal Ciudad de Zaragoza. | ||
| 500 | _aEste recurso está compuesto por facsimilar y a la vez tiene ISBN no ISSN. | ||
| 650 | 0 |
_aFacsímiles _988865 _vPublicaciones periódicas |
|
| 700 |
_aForcadell Álvarez, Carlos _988864 _epresentación |
||
| 710 |
_aUniversidad de Zaragoza _988866 _bFacultad de Filosofía y Letras |
||
| 942 |
_2ddc _cISSBD |
||
| 999 |
_c60098 _d60098 |
||